| 000 | 03402nam a22002177a 4500 | ||
|---|---|---|---|
| 003 | GR-AtMCL | ||
| 005 | 20260120111509.0 | ||
| 006 | a|||||r||||||||||| | ||
| 008 | s2014||||gr g ||| gre d | ||
| 020 | _a9789601663807 | ||
| 040 |
_bgre _aGR-AtMCL _dGR-AtMCL _eAACR2 |
||
| 041 | 1 | _heng | |
| 245 | 0 | 0 |
_aΌλο το φως που δεν μπορούμε να δούμε : _bμυθιστόρημα / _cΆντονυ Ντορ ; μετάφραση από τα αγγλικά Νίνα Μπούρη |
| 260 |
_aΑθήνα : _bΠατάκης, _c2016 |
||
| 300 | _a637 σ. | ||
| 500 | _aΤίτλος πρωτοτύπου: All the light we cannot see | ||
| 520 | _aΗ Μαρί Λορ Λεμπλάν ζει με τον πατέρα της στο Παρίσι, σε απόσταση αναπνοής από το Μουσείο Φυσικής Ιστορίας, όπου εκείνος εργάζεται ως κλειθροποιός. Στα έξι της χρόνια τυφλώνεται κι ο πατέρας της φτιάχνει την τέλεια μινιατούρα της γειτονιάς τους για να της μάθει τον δρόμο για το σπίτι τους. Όταν εισβάλλουν οι Γερμανοί στη χώρα, τον Ιούνιο του 1940, πατέρας και κόρη φεύγουν για το Σαιν Μαλό, μεταφέροντας ένα επικίνδυνο μυστικό. Ο Βέρνερ Πφέννιχ είναι ένα ορφανό αγόρι από τη Γερμανία που προορίζεται να δουλέψει στο ίδιο ανθρακωρυχείο που σκοτώθηκε ο πατέρας του. Όμως βρίσκει και επιδιορθώνει ένα χαλασμένο ραδιόφωνο και ξαφνικά η ζωή του γεμίζει καινούριες δυνατότητες. Χάρη στο ταλέντο του κερδίζει μια θέση σε μια από τις καλύτερες στρατιωτικές ακαδημίες, μπορεί όμως να κυνηγήσει το όνειρό του όποιο κι αν είναι το τίμημα; Εκατοντάδες χιλιόμετρα μακριά, σε μια οχυρωμένη πόλη δίπλα στη θάλασσα, ένας γέρος ακούει μια φωνή χαμένη από καιρό και ανακαλύπτει νέους κόσμους χωρίς ποτέ να βγαίνει από το σπίτι του. Αλλά ο επικείμενος κίνδυνος δε θα του επιτρέψει να μείνει κλεισμένος μέσα για πάντα. Με φόντο μια Ευρώπη που την καταπίνει σιγά σιγά ο Β' Παγκόσμιος πόλεμος, στην οποία οι ζωές συγκρούονται απρόβλεπτα, το Όλο το φως που δεν μπορούμε να δούμε φωτίζει το πώς, παρά τις αντιξοότητες, οι άνθρωποι προσπαθούν να κάνουν το καλό. Πρόκειται για μια συναρπαστική ιστορία θάρρους και θυσίας και για μια συγκλονιστική ελεγεία της αθωότητας. | ||
| 650 | 0 |
_aΑμερικανική λογοτεχνία _910235 |
|
| 942 | _cBK | ||
| 999 |
_c10070 _d10070 |
||